000 00360nam a2200169Ia 4500
100 _aZienkiewicz/O.C
250 _a3
942 _cBK
366 _f15
654 _afinite element
245 _aFinite element method
260 _bTata Mc Graw hill Ltd.
_aNew Delhi
_c1977
082 _a620.0015/ZIE
300 _a787
546 _aENGLISH
999 _c23793
_d23793